[Event "Moscow op-A"]
[Site "Moscow"]
[Date "2013.02.06"]
[Round "5"]
[White "Bryzgalin, Kirill"]
[Black "Ganguly, Surya Shekhar"]
[Result "0-1"]
[WhiteElo "2483"]
[BlackElo "2626"]
[Annotator "Mikhalchishin,A"]
[PlyCount "62"]
[EventDate "2013.02.02"]
[EventType "swiss"]
[EventRounds "9"]
[EventCountry "RUS"]
[SourceTitle "CBM 152 Extra"]
[Source "ChessBase"]
[SourceDate "2013.02.25"]
[SourceVersion "1"]
[SourceVersionDate "2013.02.25"]
[SourceQuality "1"]

1. d4 d5 2. c4 dxc4 3. Nf3 Nf6 4. Qa4+ {A rare check. White wants to play a
side line.} Nc6 ({It is possible to get a popular position from the Slav after
} 4... c6 5. Qxc4 Bf5 6. g3 Nbd7 7. Bg2 e6 8. O-O Be7 9. Nc3 O-O 10. Rd1 Bc2
11. Rd2 Nb6 {But QGA players hate Slav structures.}) 5. e3 (5. Qxc4 {is not
very tempting} Be6 ({A very sharp move was tried many years ago} 5... Bg4 6.
Ne5 $146 (6. e3) 6... Be6 7. Nxc6 Bxc4 8. Nxd8 Rxd8 9. b3 Ba6 10. Bb2 e5 11.
dxe5 Bb4+ 12. Bc3 Nd5 13. Bd2 Bxd2+ 14. Nxd2 Nb4 15. Kd1 O-O 16. a3 Nc6 17. e3
Bxf1 18. Rxf1 Nxe5 19. Ke2 f5 20. Rfd1 {1/2 Ljubojevic,L (2565)-Ivanchuk,V 
(2725)/Beograd 1997}) 6. Qb5 Bd5 7. Nc3 a6 8. Qxb7 $2 Ra7) ({But} 5. Nc3 {
seems to be more logical} Nd5 (5... e6 6. Qxc4 (6. a3 $1 $146 a6 (6... Be7 7.
e4 O-O 8. Qxc4 $14) 7. Qxc4 Bd6 8. Bg5 $1 h6 9. Bh4 (9. Bxf6 Qxf6 10. g3 $14)
9... O-O 10. Rd1 g5 $5 11. Bg3 Rb8 $1 12. e4 b5 13. Qe2 $1 b4 14. axb4 Bxb4 15.
Qd3 $2 (15. h4 $1 g4 16. Ne5 Nxd4 17. Qd2 Nxe4 18. Qxd4 (18. Qxh6 Bxc3+ 19.
bxc3 Nc2+ {/\ Nc3#}) 18... Qxd4 (18... Nxc3 19. Qxg4+ Kh8 20. Nxf7+) 19. Rxd4
f5 $1 $44) 15... Ba5 $3 $17 {0-1 Sosonko,G (2535)-Piket,J (2670)/Nederland (ch)
1995}) 6... Nb4 (6... Bb4) 7. Qb3 c5 8. dxc5 Bxc5 9. Bg5 O-O 10. e3 Nbd5 11.
Nxd5 exd5 12. Bd3 h6 13. Bxf6 Qxf6 14. Rc1 b6 15. O-O Be6 16. Qc3 Qxc3 17. Rxc3
Rfd8 18. Nd4 Bxd4 19. exd4 Rac8 20. Rxc8 Rxc8 21. f3 Kf8 $11 {Krasenkow,M 
(2651)-Negi,P (2538)/Wijk aan Zee NED 2007}) 6. Qxc4 ({A very serious option
is a sharp try in the centre, but Black has sufficient counterplay:} 6. e4 Nb6
7. Qd1 Bg4 8. d5 Ne5 9. Bf4 Ng6 10. Bg3 e6 11. dxe6 Bxe6 12. Qxd8+ Rxd8 13.
Bxc7 Rd7 14. Bxb6 axb6 15. Ng5 Ne5 16. f4 Nd3+ {1/2 Dreev,A (2657)-Ganguly,S 
(2631)/Sabadell ESP 2008} 17. Bxd3 Rxd3 18. Nxe6 fxe6 19. Rd1 Rxd1+ 20. Kxd1
Kd7 (20... Bc5 21. Kc2 Rf8 22. g3 g5 23. Rf1 Rf6 {1/2 Banusz,T (2554)-Mista,A 
(2564)/Krakow POL 2011}) 21. Kc2 Kc6 22. Rd1 Bc5 23. a4 Rf8 24. g3 h6 25. Nb5
g5 26. Na7+ Kc7 27. Nb5+ Kc6 28. Na7+ Kc7 29. Nb5+ {1/2 Dreev,A (2657)-Stevic,
H (2588)/Sibenik CRO 2008/}) 6... Nb6 (6... Ndb4 {is very good:} 7. Qb3 Be6 8.
Qa4 Bd7) 7. Qb3 (7. Qb5 a6 8. Qd3 e5 9. Nxe5 Qxd4 10. Nxc6 Qxd3 11. exd3 bxc6
12. Bf4 Bd6 13. Bg3 Bf5 14. Be2 O-O-O 15. O-O-O Nd5 16. Bxd6 Nxc3 17. bxc3 cxd6
18. d4 a5 {Ivanchuk,V (2786)-Dominguez Perez,L (2719)/Almaty KAZ 2008; with
sufficient counterplay.}) 7... e5 $146 (7... Bg4) 8. dxe5 Be6 9. Qc2 Nd4 10.
Qd3 (10. Qe4 Bc5 11. Nxd4 Qxd4 12. e3 Qxe4 13. Nxe4 Bb4+ 14. Bd2 Bxd2+ 15. Nxd2
O-O-O 16. Be2 Rd5 17. f4 Rc5 18. Bd1 Rd8 19. Rf1 Nd5 20. Nb3 Rb5 21. Kf2 {
Landa,K (2664)-Godena,M (2537)/Reggio Emilia ITA 2010. Black has some small
compensation for the pawn.}) 10... Bc5 11. e3 Nxf3+ 12. gxf3 Qxd3 13. Bxd3
O-O-O 14. Be2 Bb4 15. Bd2 Na4 16. a3 Bxc3 17. Bxc3 Nxc3 18. bxc3 Rd5 19. f4 Rc5
20. Rc1 {1/2 Ivanchuk,V (2717)-Ponomariov,R (2727)/Linares 84/(318) 2002}) 5...
Nd7 (5... Nd5 6. Qxc4 Nb6 7. Qb3 g6 8. Nc3 Bg7 9. Be2 O-O 10. O-O Be6 11. Qd1
a5 12. b3 Nb4 13. Bb2 a4 14. Nxa4 Nxa4 15. bxa4 Qd7 16. a3 Nd5 17. Ng5 Nb6 18.
Nxe6 Qxe6 19. Rb1 Nxa4 20. Ba1 Nb6 21. Qc1 Qd6 22. Rb3 {Mirzoev,A (2545)-Magem
Badals,J (2554)/Don Benito ESP 2012. The pair of bishops guarantees some
advantage here.}) 6. Qxc4 e5 7. dxe5 (7. Qc2 {is completely innocuous:} exd4 8.
exd4 Bb4+ 9. Nc3 O-O 10. a3 Ba5 11. Be3 Nf6 12. h3 Re8 13. b4 Bb6 14. Rd1 Ne7
15. Bd3 {1/2 Borges Mateos,J (2482)-Moreno Ruiz,J (2482)/Madrid 2007} a5 16. b5
Ned5) 7... Ndxe5 (7... Nc5 {is too sharp:} 8. Bd2 Bf5 9. Bc3 Be7 10. Nbd2 O-O
11. Be2 Nd3+ 12. Kf1 Ndb4 13. h4 Be6 14. Qe4 Bd5 15. Qb1 f6 16. a3 Na6 17. exf6
Bxf6 18. Ng5 g6 19. Ndf3 {Soppe,G (2485)-Herman,D (2115)/Pico City 1996; with
insufficient compensation.}) 8. Nxe5 Nxe5 9. Qc2 ({Nor do othe tries promise
anything:} 9. Qb5+ Nc6 (9... Nd7 10. Be2 c6 11. Qc4 (11. Qd3 Qg5 12. Qe4+ Be7
13. h4 Qg6 14. Nc3 Nc5 15. Qxg6 hxg6 16. g3 Be6 17. b4 Nd7 18. b5 g5 {Trkulja,
G (2388)-Dizdarevic,E (2500)/Zenica 2012. Black has a very promising endgame.})
11... Bd6 12. Qe4+ Be7 13. O-O Nf6 14. Qc2 O-O 15. b3 Qd5 16. Bb2 Bf5 17. Qc1
Rfd8 18. Rd1 Qe6 19. Nd2 Bd3 {Andersson,U (2610)-Timman,J (2600)/Tilburg 1982.
Here Black even starts to show some ambitions.}) 10. Nc3 Bd6) (9. Qe4 Bd6 10.
f4 f5 11. Qd4 Qh4+ 12. Ke2 Qg4+ 13. Kf2 Nc6 14. Qc4 Bd7 15. Nc3 O-O-O 16. Be2
Qh4+ 17. g3 Qe7 {Gerusel,M-Lohse,S/Bad Pyrmont 1963. The white king is rather
dangerously placed.}) 9... Bg4 10. Nd2 Qd7 11. h3 Bh5 (11... Bf5 {was not good:
} 12. e4 Be6 13. f4 Nc6 14. f5) 12. Qe4 O-O-O 13. g4 (13. Qxe5 Bb4 14. Qxh5 (
14. Qd4 Qxd4 15. exd4 Rhe8+) 14... Bxd2+ 15. Ke2 Bxc1 (15... Qd3+ 16. Kf3))
13... Bg6 14. Qxe5 Bb4 15. Qd4 Qa4 $1 (15... Qxd4 {was wrong:} 16. exd4 Rhe8+
17. Kd1 Rxd4 18. f3 Red8 19. Rh2) 16. Qc4 ({The pawn capture} 16. Qxg7 {
was dangerous:} Qc2 17. Be2 Rhg8 18. Qf6 Bxd2+ 19. Bxd2 Rxd2 20. Bd1 Qxb2 21.
Qxb2 Rxb2 22. Bb3 Rd8 23. O-O c5 24. Rfc1 b6) 16... Qa5 17. Be2 (17. Qe2 {
promised more chances for survival:} Bd3 18. Qd1 Bxf1 19. Rxf1 Rxd2 20. Bxd2
Rd8 21. Qb1 (21. Bxb4 Qxb4+) 21... Rxd2 22. Qf5+ Qxf5 23. gxf5 Rxb2+ 24. Kd1 c6
) 17... Bxd2+ 18. Kf1 Rhe8 19. Bxd2 (19. Qb5 {was slightly better:} Qxb5 20.
Bxb5 Re5) 19... Rxd2 20. b4 Qb6 (20... Qe5 $142 21. Rc1 Be4 22. Rg1 Red8 23. f4
Qe7) 21. Rc1 Qd6 22. a3 a6 (22... Be4 {was possible:} 23. Rg1 f6 24. Rg3 Qe5
25. Qc3 Red8) 23. Qc3 Be4 (23... f5 {was not bad}) 24. Rg1 Rd8 25. Rg3 Bc6 26.
g5 Kb8 27. h4 (27. Qxg7 {lost more quickly:} Rxe2 28. Kxe2 Qd2+) 27... Ka8 28.
h5 Qd5 29. e4 Qxe4 30. Bf3 Qf4 31. Qe3 Rxf2+ 0-1

[Event "Kazan FIDE GP (Women) 4th"]
[Site "Kazan"]
[Date "2012.06.15"]
[Round "5"]
[White "Stefanova, Antoaneta"]
[Black "Galliamova, Alisa"]
[Result "1/2-1/2"]
[WhiteElo "2518"]
[BlackElo "2484"]
[Annotator "Mikhalchishin,A"]
[PlyCount "122"]
[EventDate "2012.06.09"]
[EventType "tourn"]
[EventRounds "11"]
[EventCountry "RUS"]
[EventCategory "11"]
[SourceTitle "CBM 149"]
[Source "ChessBase"]
[SourceDate "2012.07.17"]
[SourceVersion "1"]
[SourceVersionDate "2012.07.17"]
[SourceQuality "1"]

1. d4 d5 2. c4 dxc4 3. Nf3 Nf6 4. Na3 $5 {An interesting try to avoid the main
theory.} e6 ({The most serious answer is the direct counterstrike in the centre
} 4... e5 $1 5. Nxc4 (5. Nxe5 Bb4+ 6. Bd2 Qxd4 7. Naxc4 (7. Bxb4 Qxb2) 7...
Bxd2+ 8. Qxd2 Qc5 9. Rc1 O-O 10. e3 Qe7 $15) 5... e4 6. Ng1 Bb4+ 7. Bd2 Qxd4 8.
Bxb4 Qxc4 9. Ba3 e3 10. fxe3 Nc6 11. Nf3 Bd7 12. Qd3 Qa4 13. g3 O-O-O 14. Bg2
Be6 15. Qc3 Ne4 16. Qc1 Qa5+ 17. b4 Nxb4 18. O-O Nxa2 {Keres,P-Gurgenidze,B/
Rapina 1967; with a big advantage to Black.}) ({A very serious try is} 4... c5
5. Nxc4 (5. Qa4+ Bd7 6. Qxc4 cxd4 7. Nxd4 e5 8. Nf3 Nc6 9. Bd2 Be7 10. g3 Rc8
11. Rc1 Bxa3 12. bxa3 Nd4 13. Qd3 Rxc1+ 14. Bxc1 Bf5 15. Qd2 Nc2+ 16. Kd1 Qc7
17. Ng5 O-O {0-1 Simek,P (2253)-Simacek,P (2470)/Czechia 2008/CBM 127 Extra})
5... Nc6 ({White obtains a slight advantage in the endgame:} 5... cxd4 6. Qxd4
Qxd4 7. Nxd4 Bd7 8. Ne5 e6 9. g3 Bc5 10. Nb3 Bb4+ 11. Bd2 Bxd2+ 12. Kxd2 Nc6
13. Nxd7 O-O-O 14. e3 Rxd7+ 15. Ke2 Kb8 16. Bg2 Rc8 17. Rac1 Rdc7 18. Rhd1 {
Stangl,M (2385)-Heinbuch,D (2370)/Germany 1988}) 6. e3 (6. dxc5 {is not very
logical:} Qxd1+ 7. Kxd1 Ne4 8. Be3 e6 9. Rc1 Nxc5 10. Nd4 (10. g3 b6 11. Bg2
Bb7 12. Kc2 Nb4+ 13. Kb1 Be4+ 14. Ka1 Rd8 15. Ne1 Bxg2 16. Nxg2 Be7 17. f3 O-O
18. Kb1 Nc6 19. Nf4 Nd4 {Eliseev,A (2489)-Zakharchenko,A (2395)/St Petersburg
2002; with counterplay.}) 10... Nxd4 11. Bxd4 b6 12. f3 Bb7 13. Kc2 Rd8 14. e3
f6 15. Be2 Be7 16. Rhd1 Kf7 17. Bc3 e5 18. e4 Ne6 19. b4 Nd4+ 20. Bxd4 exd4 21.
Kb3 g6 22. Nb2 Bd6 23. Rxd4 Bxh2 24. Rxd8 Rxd8 25. Rh1 {1-0 Ipatov,A (2536)
-Nyzhnyk,I (2583)/Konya 2011}) 6... Bg4 (6... cxd4 {seems to be very good:} 7.
exd4 e6 8. Be2 (8. a3 Be7 9. Be2 O-O 10. O-O b6 11. b4 a6 12. Bb2 Bb7 13. Nfe5
Nxe5 14. dxe5 Nd5 15. Qd4 a5 16. b5 Rc8 17. Rfd1 Bc5 18. Qg4 Qe7 19. Nd6 Rc7
20. Nxb7 Rxb7 21. Bc4 Rd7 22. Rd3 {Trauner,R (2195)-Schink,B (2069)/St. Veit
AUT 2012; White keeps some advantage.}) 8... Bb4+ 9. Bd2 Bxd2+ 10. Qxd2 O-O 11.
O-O b6 12. Rfd1 Bb7 13. Nfe5 Ne7 14. a4 Nf5 15. Bf3 Bxf3 16. Nxf3 Rc8 17. Rac1
Qd7 18. Qb4 Nd5 19. Qb3 Nf4 20. Kf1 Qd5 {Gurieli,N (2351)-Levin,F (2531)/
Hamburg 1999; Black obtained very serious counterplay.}) 7. Be2 e6 8. O-O cxd4
(8... Qd5 9. Nce5 Nxe5 10. dxe5 Qxd1 11. Rxd1 Nd7 12. Kf1 Be7 13. b3 O-O-O 14.
Bb2 Nb8 15. h3 Bxf3 16. Bxf3 Rxd1+ 17. Bxd1 Kc7 18. Bc2 Nc6 19. a3 g6 20. Ke2
a6 21. f4 b5 22. Rd1 Rd8 {Tu Hoang Thong (2475)-Kasmiran (2330)/Jakarta 1997;
Black has to keep the balance easily.}) 9. exd4 Be7 10. Nce5 O-O 11. Nxg4 Nxg4
12. Qb3 Qc7 13. Rd1 Rfd8 14. h3 Nf6 15. Be3 Nd5 16. Rac1 Bf6 17. a3 Rac8 18.
Bd3 Qe7 19. Be4 a6 20. Rc2 g6 21. Rdc1 Na5 22. Qa4 Rxc2 23. Rxc2 Nc6 {Eriksson,
M (2365)-Brynell,S (2465)/Malmo 1993. The position is equal.}) 5. Nxc4 Bb4+ ({
Once more it is possible to attack the centre directly by} 5... c5 6. g3 (6. a3
a6 7. e3 cxd4 8. exd4 Nc6 9. Bd3 b5 10. Nce5 Bb7 11. O-O Nxe5 12. dxe5 Nd7 13.
Qe2 Be7 14. Rd1 Qb8 15. a4 bxa4 16. Rxa4 Nc5 17. Rg4 g6 18. Bc2 Bd5 19. b4 h5
20. Rf4 {Gonzales,J (2465)-Abu Sufian,S (2378)/Subic Bay 2009; with a strong
attack.}) 6... Nc6 7. Bg2 cxd4 8. O-O Be7 9. Bf4 O-O 10. Nce5 Qb6 11. Nxc6 bxc6
12. Qxd4 c5 13. Qa4 Bd7 14. Rac1 Rfd8 15. Be5 Rac8 16. b3 Bc6 17. Qc4 Qb7 18.
Qc2 Be4 19. Nh4 Qb4 20. Qc3 Bxg2 21. Nxg2 Ne4 {Can,E (2476)-Donchenko,A (2309)/
Plovdiv BUL 2012; with sufficient counterplay.}) 6. Bd2 Bxd2+ 7. Qxd2 O-O {
White has a slight space advantage and the position is a bit similar to some
Queen's Indian structures.} 8. g3 ({Another typical development would be} 8. e3
b6 9. Be2 Bb7 10. O-O Nbd7 11. Rac1 Qe7 12. b4 c5 13. dxc5 bxc5 14. Qd6) 8...
b6 9. Bg2 Bb7 10. Rc1 Nbd7 ({An interesting option could be} 10... a5 11. O-O
Na6 12. Rfd1 Qe7 13. Nfe5 Nd5) 11. b4 $5 {White starts a preventive strategy
to stop c7-c5 at any price.} Qe7 ({White would obtain a clear advantage after
the direct} 11... c5 12. bxc5 bxc5 13. O-O Bd5 14. Nfe5 Rc8 15. Nd6) 12. O-O
Rfd8 13. Qb2 Rac8 14. Rfd1 h6 15. Qa3 $6 ({It was necessary to continue
logically in the centre and to calculate a long line:} 15. Nfe5 Bxg2 16. Kxg2
Nxe5 17. Nxe5 c5 18. dxc5 bxc5 19. Rxd8+ Qxd8 20. Rxc5 Rxc5 21. bxc5 Qd5+ 22.
f3 Qxc5 23. Qb8+ Kh7 24. Nxf7 Qc2 25. Qxa7) 15... Bd5 16. Nfe5 Nxe5 17. Nxe5 ({
Another forced line led to a level game:} 17. dxe5 Ng4 18. Qc3 Bxc4 19. Rxd8+
Qxd8 20. Bb7 Rb8 21. Qxc4 Qd2 22. Bf3 Nxe5 23. Qxc7 Nxf3+ 24. exf3 Rd8) 17...
a5 18. Bxd5 Rxd5 19. Nc6 ({After the pawn sacrifice} 19. Qf3 Qxb4 20. Nc6 Qf8
21. e4 Rd7 22. Rc2 {the compensation is clear, but there is no direct way to
exploit the activity of the pieces.}) 19... Qf8 20. Qd3 ({White would not
retain major chances of a win in the endgame after} 20. Rd3 axb4 21. Qxb4 Qxb4
22. Nxb4 Rb5 23. Nc6 Ra8 24. Rd2 Ne4 25. Rdc2 g5) 20... axb4 21. e4 Rd7 {
White sacrificed a pawn, but hopes to get the pawn on b4 back very soon.} 22.
Rc2 Ra8 23. Rb1 Ra3 24. Qe2 (24. Rb3 {was not promising:} Rxb3 25. axb3 Qa8 26.
f3 g5 $1) 24... Rc3 25. Rbc1 ({Good counterplay Black would hold after} 25.
Rxc3 bxc3 26. Rb3 e5 27. d5 Qc5 28. Rb5 Qa3 29. Qc2 g5 30. Rb3 Qa4 31. f3 g4)
25... Rxc2 ({The simple} 25... Ra3 {was possible.}) 26. Qxc2 Qa8 27. Rb1 b3 ({
The activation of the knight would be temporary:} 27... Nh7 28. Rxb4 Ng5 29.
Kg2 Qa3 30. Rb3 Qa4 31. h4 Nh7 32. Ne5 Re7 33. Qd3) 28. axb3 Qa3 29. Kg2 h5 30.
Rb2 g6 31. Ra2 Qf8 32. Ra7 Qd6 33. Ra8+ Kg7 34. f3 {White has a powerful grip
on Black's position, so Galliamova tries to fight against the main enemy - the
knight on c6.} Ng8 35. e5 $2 ({White could try to obtain a won endgame after} 
35. Qc1 $1 Ne7 36. Ne5 Rd8 37. Rxd8 Qxd8 38. Qh6+ $1 Kg8 39. Qh8+ Kxh8 40.
Nxf7+ Kg7 41. Nxd8) 35... Qd5 36. Re8 Nh6 37. Qc3 Qb5 38. Kf2 Nf5 39. Ra8 Ne7
40. Nxe7 Rxe7 41. Qc4 Qxc4 $6 (41... Qd7 {was not bad:} 42. Kg2 c5 43. dxc5 Qc6
) 42. bxc4 g5 43. Ke3 ({It was better to try a preventive strategy:} 43. Ra7 f6
44. exf6+ Kxf6 45. Ke3 $14) 43... c5 $1 {A typical pawn sacrifice for the
activation of the rook.} 44. dxc5 bxc5 45. Rc8 Ra7 46. h4 ({Or} 46. Rxc5 Ra2
47. h3 Rg2) 46... Ra3+ 47. Ke4 g4 (47... gxh4 {was possible:} 48. gxh4 Ra1 49.
Kf4 Kg6 50. Rxc5 Rh1) 48. fxg4 Rxg3 49. gxh5 Rg4+ 50. Kd3 Rxh4 51. Rxc5 Rxh5
52. Rb5 Kg6 53. Kd4 Rh4+ 54. Kc5 Re4 ({A more logical try was} 54... Kf5 55.
Rb7 f6 56. exf6 Kxf6 {and the black pawn on e6 is no worse than the c4-pawn.})
55. Rb7 Rxe5+ 56. Kd6 Re1 57. c5 Rd1+ 58. Ke7 Rc1 59. Kd6 Rd1+ 60. Ke7 Rc1 61.
Kd6 Rd1+ 1/2-1/2

[Event "POL-chT 66th"]
[Site "Katowice"]
[Date "2010.09.05"]
[Round "2"]
[White "Urban, Klaudiusz"]
[Black "Dziuba, Marcin"]
[Result "0-1"]
[WhiteElo "2468"]
[BlackElo "2579"]
[Annotator "RR"]
[PlyCount "158"]
[EventDate "2010.09.04"]
[EventType "team-tourn"]
[EventRounds "9"]
[EventCountry "POL"]
[SourceTitle "EXT 2016"]
[Source "ChessBase"]
[SourceDate "2015.10.08"]
[SourceVersion "1"]
[SourceVersionDate "2015.10.08"]
[SourceQuality "1"]
[WhiteTeam "Poznan Pocztowiec"]
[BlackTeam "Lublin"]
[WhiteTeamCountry "POL"]
[BlackTeamCountry "POL"]

1. d4 d5 2. c4 c6 3. Nf3 Nf6 4. Qb3 (4. Qc2 dxc4 5. Qxc4 {Transpose dans la
partie} (5. e4)) 4... dxc4 5. Qxc4 Bf5 6. g3 e6 7. Bg2 Nbd7 8. O-O Be7 9. Nbd2
O-O 10. Qb3 Nb6 (10... Qb6 11. Nc4 Qxb3 12. axb3 Be4 13. Bf4 Bd5 14. Rfc1 Rfc8
15. Nfd2 {[%cal Gd2c4,Gd2b3,Ge2e4]} Bxg2 16. Kxg2 c5 17. Nd6 Bxd6 18. Bxd6 cxd4
19. Rxa7 $1 {Kuzmin,A (2567)-Megaranto,S (2458) Dubai op 6th 2004 (3) 0-1}) 11.
e3 (11. a4 a5 12. Rd1 Nfd7 13. e4 Bg6 14. Qe3 f5 15. Qb3 Kh8 16. exf5 Bxf5 17.
Nc4 Bg4 18. Nxb6 Qxb6 19. Rd3 Bb4 20. Bf4 Rad8 21. Ng5 Rde8 22. h3 Bf5 23. Rdd1
Qd8 24. Ne4 Qe7 25. Bd2 Bxd2 26. Rxd2 Bxe4 27. Bxe4 Qg5 28. Rad1 Nf6 29. Bg2
Rf7 30. Re2 Nd5 31. h4 Qf6 32. Bxd5 cxd5 33. Qb5 Qd8 34. Rde1 Rfe7 35. Rc1 e5
36. Rxe5 Rxe5 37. dxe5 Rxe5 38. Qxb7 Re8 39. Rc5 d4 40. Rd5 Qf6 {Eljanov,P 
(2732)-Motylev,A (2685) Shamkir 2014 1/2-1/2}) 11... a5 12. a4 $146 (12. Ne5 a4
13. Qd1 a3 14. bxa3 Bxa3 15. Bxa3 Rxa3 16. Nb3 Nbd7 17. Nc4 Ra6 18. Nd6 Qa8 19.
e4 Bg6 20. f4 Rxa2 21. Rxa2 Qxa2 22. Bf3 Qa3 23. e5 Nd5 24. Bxd5 cxd5 25. f5
exf5 26. Nxb7 Rb8 27. N3a5 Qe3+ 28. Rf2 Rc8 29. Kg2 f4 30. Rxf4 Rc2+ 31. Kh3
Rd2 32. Qh1 Be4 33. Qf1 Bg2+ 34. Qxg2 Rxg2 35. Kxg2 g5 36. Rf2 Qxd4 37. Nc6
Qe4+ 38. Kg1 Nxe5 39. Ne7+ Kf8 40. Nc8 Nf3+ 41. Kf1 Qb1+ {Fridman,D (2588)
-Krush,I (2465) playchess.com INT 2004 0-1}) 12... Bb4 13. Ne5 h6 14. Rd1 Qe7
15. Nd3 Bxd3 16. Qxd3 e5 $11 17. dxe5 Qxe5 18. Nf3 Qe7 19. Qc2 Rfd8 $32 {
[%csl Ra1,Rc1]} 20. Nd4 c5 21. Nf5 Rxd1+ 22. Qxd1 Qe6 23. Qc2 (23. e4 Nc4 (
23... Nxe4 24. Qg4)) 23... h5 24. e4 g6 25. Ne3 c4 26. Nf1 Nfd7 27. Be3 Nc5 {
[%csl Gc5][%cal Gc5d3,Gc5b3]} 28. Bxc5 Bxc5 29. Rd1 Qf6 (29... Re8) 30. Re1 Bd4
(30... Rd8) 31. Re2 Rc8 32. h4 c3 33. bxc3 (33. b3 Rd8 $15 {[%cal Gd8d2]})
33... Rxc3 34. Qb1 Nxa4 {[%csl Gb7]} 35. Qb5 (35. Qxb7) 35... Nc5 $36 36. e5
Qe7 (36... Qa6 $40 {[%cal Gc5a6,Ga6b5,Ga6a5,Ga6e2]} 37. Qb1) 37. Qxa5 Nd3 38.
Qd5 Bxf2+ 39. Rxf2 Nxf2 40. Kxf2 b6 41. Ne3 Rc5 42. Qd6 Qxe5 43. Qxb6 $15 {
[%csl Rf2,Gg8] La position est égale au plan matériel mais la différence de
sécurité entre les deux K doit faire la différence} Qd4 44. Qb8+ Kg7 45. Bf3
$2 Rf5 (45... Rc2+ {[%cal Gd4f2]}) 46. Ke2 Rf6 47. Qb1 Rb6 48. Qd3 Rb2+ 49. Nc2
Qe5+ 50. Kd2 (50. Kf2 Qc5+) 50... Rb6 51. Bd5 Rf6 52. Kc1 Kh7 53. Bb3 Rf2 54.
Bd5 Qf6 55. Be4 Rh2 56. Bf3 Kg7 57. Kd1 Rf2 58. Be4 Rf1+ 59. Kd2 Qf2+ 60. Qe2
Qg1 61. Kc3 $2 (61. Qe3 Rf2+ 62. Kd3 $13) 61... Qxg3+ 62. Bd3 Rf6 $19 63. Qe4
Kh7 64. Ne3 Qe1+ 65. Kc4 Qf2 66. Nd5 Rc6+ 67. Kb3 Re6 68. Qc4 Qe1 69. Qf4 Kg7
70. Bc4 Qb1+ 71. Kc3 Qa1+ 72. Kb3 Qa7 73. Kb4 Qa1 74. Kb3 Qb1+ 75. Kc3 Qe1+ 76.
Kd3 Qe2+ 77. Kd4 Qb2+ 78. Kd3 Re2 79. Ne3 Rd2+ 0-1

[Event "POL-chT 66th"]
[Site "Katowice"]
[Date "2010.09.12"]
[Round "9"]
[White "Krasenkow, Michal"]
[Black "Miton, Kamil"]
[Result "1/2-1/2"]
[WhiteElo "2622"]
[BlackElo "2629"]
[Annotator "RR"]
[PlyCount "61"]
[EventDate "2010.09.04"]
[EventType "team-tourn"]
[EventRounds "9"]
[EventCountry "POL"]
[SourceTitle "EXT 2016"]
[Source "ChessBase"]
[SourceDate "2015.10.08"]
[SourceVersion "1"]
[SourceVersionDate "2015.10.08"]
[SourceQuality "1"]
[WhiteTeam "Gorzow Wielkopolski"]
[BlackTeam "Katowice Szopienice"]
[WhiteTeamCountry "POL"]
[BlackTeamCountry "POL"]

1. d4 d5 2. Nf3 Nf6 3. c4 c6 4. Qb3 (4. Qc2 dxc4 {Transpose après Qb3 mais
les Blancs ont en plus l'option de jouer le gambit Rausis} 5. Qxc4 (5. e4))
4... dxc4 5. Qxc4 Bf5 (5... Bg4 6. Nc3 (6. Nbd2 Nbd7) 6... Nbd7 7. Bf4 Qa5 8.
Qb3 Qb6 {Leitao,R (2636)-El Debs,F (2512) BRA-ch 81st Joao Pessoa 2015 (7) 1-0}
(8... Nb6 {Leitao inf 123})) 6. g3 e6 7. Bg2 Nbd7 8. O-O Be7 9. Nc3 O-O {
[%cal Ge2e3]} 10. Re1 (10. Bg5 h6 11. Bxf6 Bxf6 12. h3 Qb6 13. e4 Bg6 14. Rfd1
Rfd8 15. Rd2 Rac8 16. Rad1 a6 17. Kh2 Qa7 18. Qe2 Qb8 19. Kg1 b5 20. Qe3 Qb6
21. Nh2 e5 22. Ng4 Be7 23. dxe5 Qxe3 24. Nxe3 Nxe5 25. Kf1 Rxd2 26. Rxd2 Bc5
27. Ncd1 f6 28. f4 Nf7 29. Ke2 Nd6 30. Rc2 Bb6 31. Nf2 a5 32. b3 b4 33. Rd2 Nb5
34. Nc4 Nc3+ 35. Kf3 Bc7 36. Bf1 Bh5+ 37. g4 Bf7 38. Nd3 Rd8 39. Ke3 g5 {
Ibarra Jerez,J (2545)-Salgado Lopez,I (2616) Madrid 2015 0-1 (66)}) 10... Bg6
11. e4 b5 12. Qxc6 b4 13. e5 Rc8 14. Qa6 bxc3 15. exf6 Nxf6 16. bxc3 Rxc3 17.
Ne5 Qb6 18. Qxb6 axb6 19. Nxg6 hxg6 20. Rb1 Rc2 21. Rxb6 Rxa2 22. Bf3 Ra1 23.
Rb7 $146 (23. Kf1 Rd8 24. Be3 Rxe1+ 25. Kxe1 Nd5 26. Bxd5 Rxd5 27. Rb8+ Rd8 28.
Rxd8+ Bxd8 29. Ke2 Kf8 30. Kd3 Ke7 31. Ke4 {1/2-1/2 (31) Gurevich,M (2634)
-Miton,K (2604) Dresden 2008}) 23... Ba3 24. Bd2 Rxe1+ 25. Bxe1 Rd8 26. Bc3 Bd6
(26... Nd5) 27. Kf1 Rb8 28. Rxb8+ Bxb8 29. Ke2 Bd6 30. Kd3 Kf8 31. Kc4 1/2-1/2

[Event "RUS Cup final"]
[Site "Magnitogorsk"]
[Date "2011.11.14"]
[Round "2.1"]
[White "Matlakov, Maxim"]
[Black "Andriasian, Zaven"]
[Result "1/2-1/2"]
[WhiteElo "2632"]
[BlackElo "2619"]
[Annotator "RR"]
[PlyCount "98"]
[EventDate "2011.11.13"]
[EventType "k.o."]
[EventRounds "4"]
[EventCountry "RUS"]
[SourceTitle "CBM 146"]
[Source "ChessBase"]
[SourceDate "2012.01.18"]
[SourceVersion "1"]
[SourceVersionDate "2012.01.18"]
[SourceQuality "1"]

1. d4 d5 2. c4 c6 3. Nf3 Nf6 4. Qb3 dxc4 5. Qxc4 Bf5 6. g3 e6 7. Bg2 Nbd7 8. e3
Be7 9. O-O O-O 10. Rd1 Ne4 11. Qe2 Qb6 12. Nfd2 Nxd2 13. Nxd2 c5 14. dxc5 Nxc5
15. e4 Bg6 16. Nc4 Qa6 17. Bf4 Rfd8 18. b3 Bf6 19. e5 Be7 20. Be3 Bd3 21. Qb2
Bxc4 22. bxc4 Qa4 23. Bf3 Rac8 24. Qb5 b6 $1 (24... Rxd1+ $2) 25. Rxd8+ Rxd8
26. Bxc5 Qxb5 27. cxb5 Bxc5 28. Rd1 Rxd1+ 29. Bxd1 Bd4 30. h4 Kf8 31. h5 Bxe5
32. Bc2 g6 33. hxg6 hxg6 34. f4 Bd6 35. Kg2 Ba3 36. g4 Ke7 37. f5 exf5 38. gxf5
g5 39. Kf3 Kd6 40. Kg4 f6 41. Be4 Kc5 42. Bd3 Kd4 43. Bf1 Kc3 44. Be2 Kb2 45.
Bc4 Bd6 46. Kf3 Kc3 47. Bf7 Kb4 48. Be8 Kc5 49. Kg4 Kb4 1/2-1/2